| 000 | 00931nam a2200313 a 4500 | ||
|---|---|---|---|
| 003 | CO-BoRNBP | ||
| 005 | 20241010161433.0 | ||
| 007 | ta | ||
| 008 | 060916s2005 mx a jr 0001j spa d | ||
| 020 | _a9681674618 | ||
| 040 |
_aCO-BoBLA _bspa _cCO-BoBLA |
||
| 041 | 0 | _aspa | |
| 043 | _an-mx--- | ||
| 084 | _aN KRA3 | ||
| 100 | 1 |
_aKrauze, León. _942919 |
|
| 245 | 1 | 3 |
_aEl vuelo de Eluán / _cLeón Krauze. |
| 250 | _a1a. edición | ||
| 300 |
_a131 p. : _bmapa ; _c23 cm. |
||
| 336 |
_2rdacontent _atexto _btxt |
||
| 337 |
_2rdamedia _asin mediación _bn |
||
| 338 |
_2rdacarrier _avolumen _bnc |
||
| 650 | 7 |
_aNovela juvenil mexicana. _2BLAAUTO _942920 |
|
| 650 | 7 |
_aCuentos de aventuras. _2BLAAUTO _930887 |
|
| 650 | 7 |
_aVuelo _v Novela juvenil. _2BLAAUTO _942921 |
|
| 650 | 7 |
_aGigantes _v Novela juvenil. _2BLAAUTO _942922 |
|
| 650 | 7 |
_aSabios _v Novela juvenil. _2BLAAUTO _942923 |
|
| 942 |
_2ddc _cBKLIT |
||
| 949 |
_an _bn |
||
| 999 |
_c38426 _d38426 |
||